[Event "MetroWest CC Trick or Treat"]
[Site "Natick"]
[Date "2014.10.28"]
[Round "4.3"]
[White "Goldberg, Benjamin"]
[Black "Yelaun, Vitaliy"]
[Result "1-0"]
[WhiteElo "2229"]
[BlackElo "2007"]
[PlyCount "125"]
[EventDate "2014.10.07"]
[EventType "swiss"]
[EventRounds "4"]
[EventCountry "USA"]
[SourceTitle "EXT 2023"]
[Source "ChessBase"]
[SourceDate "2022.10.05"]
[SourceVersion "1"]
[SourceVersionDate "2022.10.05"]
[SourceQuality "1"]

1. d4 g6 2. c4 Bg7 3. e4 d6 4. Nc3 b6 5. Be3 Bb7 6. Qd2 Nf6 7. f3 0-0 8. 0-0-0 Nbd7 9. h4 h5 10. Bh6 c5 11. d5 Ne5 12. Bxg7 Kxg7 13. f4 Neg4 14. Nf3 a5 15. a4 Bc8 16. Bd3 Bd7 17. Rhf1 Ne8 18. e5 f5 19. e6 Bc8 20. Ne2 Nef6 21. Ng3 Ba6 22. b3 Bb7 23. Bc2 Rc8 24. Ng5 Qe8 25. Rde1 Rc7 26. Qc3 Kg8 27. Re2 Ba6 28. Rfe1 Rc8 29. Nf7 Rd8 30. Nxf5 gxf5 31. Bxf5 Kg7 32. Qc2 Rh8 33. Bg6 Qf8 34. Qf5 Rh6 35. Nxh6 Nxh6 36. Qg5 Kh8 37. Bxh5 Nxh5 38. Qxh5 Qxf4+ 39. Re3 Rg8 40. R1e2 Kh7 41. Kb1 Rg4 42. Rf3 Qd4 43. Ref2 Rg7 44. Rf7 Qe4+ 45. Ka2 Qe3 46. Rxg7+ Kxg7 47. Qg5+ Qxg5 48. hxg5 Ng8 49. Rf7+ Kg6 50. Rf8 Kg7 51. Ra8 Bb7 52. Rb8 Ba6 53. Rxb6 Kg6 54. Rb8 Kg7 55. Kb2 Kh7 56. Kc3 Kg7 57. Kd3 Kh7 58. Ke4 Kg7 59. Kf5 Kh7 60. Ra8 Bb7 61. Rxa5 Bxd5 62. cxd5 Kg7 63. Rb5 1-0

[Event "MetroWest Memorial op"]
[Site "Natick"]
[Date "2014.09.30"]
[Round "5.6"]
[White "Yelaun, Vitaliy"]
[Black "Wetzell, Rolf"]
[Result "1-0"]
[WhiteElo "2007"]
[BlackElo "2005"]
[PlyCount "41"]
[EventDate "2014.09.02"]
[EventType "swiss"]
[EventRounds "5"]
[EventCountry "USA"]
[SourceTitle "EXT 2023"]
[Source "ChessBase"]
[SourceDate "2022.10.05"]
[SourceVersion "1"]
[SourceVersionDate "2022.10.05"]
[SourceQuality "1"]

1. g3 d5 2. Bg2 Nf6 3. e3 c6 4. Ne2 e5 5. 0-0 Bd6 6. b3 0-0 7. Bb2 b6 8. f4 Nbd7 9. c4 Bb7 10. d3 Qe7 11. f5 Rab8 12. h3 c5 13. Nd2 dxc4 14. bxc4 Bxg2 15. Kxg2 Rbd8 16. e4 Nb8 17. Nc3 Nc6 18. Nd5 Nxd5 19. cxd5 Nd4 20. Qg4 Qf6 21. Rac1 1-0